<?xml version="1.0" encoding="UTF-8"?>
<record
    xmlns:xsi="http://www.w3.org/2001/XMLSchema-instance"
    xsi:schemaLocation="http://www.loc.gov/MARC21/slim http://www.loc.gov/standards/marcxml/schema/MARC21slim.xsd"
    xmlns="http://www.loc.gov/MARC21/slim">

  <leader>01506nam2a2200349   4500</leader>
  <controlfield tag="001">RU\NLR\bibl\1026022</controlfield>
  <controlfield tag="005">20250614235332.0</controlfield>
  <datafield tag="010" ind1=" " ind2=" ">
    <subfield code="a">5-317-01745-9</subfield>
    <subfield code="9">140</subfield>
  </datafield>
  <datafield tag="021" ind1=" " ind2=" ">
    <subfield code="a">RU</subfield>
    <subfield code="b">2006-72848</subfield>
    <subfield code="9">3675</subfield>
  </datafield>
  <datafield tag="035" ind1=" " ind2=" ">
    <subfield code="a">(nilc)RSL-KNO-002968368</subfield>
  </datafield>
  <datafield tag="035" ind1=" " ind2=" ">
    <subfield code="a">(NLR Aleph) 001013528</subfield>
  </datafield>
  <datafield tag="090" ind1=" " ind2=" ">
    <subfield code="a">653682</subfield>
    <subfield code="c">653682</subfield>
  </datafield>
  <datafield tag="100" ind1=" " ind2=" ">
    <subfield code="a">20061115d2006    |||y0rusy50      ca</subfield>
  </datafield>
  <datafield tag="101" ind1="0" ind2=" ">
    <subfield code="a">rus</subfield>
  </datafield>
  <datafield tag="102" ind1=" " ind2=" ">
    <subfield code="a">RU</subfield>
  </datafield>
  <datafield tag="105" ind1=" " ind2=" ">
    <subfield code="a">y   |||||||||</subfield>
  </datafield>
  <datafield tag="106" ind1=" " ind2=" ">
    <subfield code="a">r</subfield>
  </datafield>
  <datafield tag="200" ind1="1" ind2=" ">
    <subfield code="a">&#x41C;&#x435;&#x442;&#x430;&#x444;&#x438;&#x437;&#x438;&#x43A;&#x430; &#x43A;&#x430;&#x43A; &#x43E;&#x43D;&#x430; &#x435;&#x441;&#x442;&#x44C;</subfield>
    <subfield code="f">&#x421;.&#x410;. &#x411;&#x43E;&#x440;&#x447;&#x438;&#x43A;&#x43E;&#x432;, &#x421;.&#x41B;. &#x41A;&#x430;&#x442;&#x440;&#x435;&#x447;&#x43A;&#x43E;, &#x418;.&#x412;. &#x41C;&#x430;&#x442;&#x44E;&#x448;&#x43A;&#x438;&#x43D; [&#x438; &#x434;&#x440;.]</subfield>
  </datafield>
  <datafield tag="210" ind1=" " ind2=" ">
    <subfield code="a">&#x41C;&#x43E;&#x441;&#x43A;&#x432;&#x430;</subfield>
    <subfield code="c">&#x41C;&#x410;&#x41A;&#x421; &#x41F;&#x440;&#x435;&#x441;&#x441;</subfield>
    <subfield code="d">2006</subfield>
    <subfield code="e">&#x41C;.</subfield>
    <subfield code="g">&#x41C;&#x413;&#x423; &#x438;&#x43C;. &#x41C;.&#x412;. &#x41B;&#x43E;&#x43C;&#x43E;&#x43D;&#x43E;&#x441;&#x43E;&#x432;&#x430;</subfield>
  </datafield>
  <datafield tag="215" ind1=" " ind2=" ">
    <subfield code="a">126,[1] &#x441;.</subfield>
    <subfield code="d">21</subfield>
  </datafield>
  <datafield tag="320" ind1=" " ind2=" ">
    <subfield code="a">&#x411;&#x438;&#x431;&#x43B;&#x438;&#x43E;&#x433;&#x440;. &#x432; &#x43A;&#x43E;&#x43D;&#x446;&#x435; &#x441;&#x442;. &#x438; &#x432; &#x43F;&#x43E;&#x434;&#x441;&#x442;&#x440;&#x43E;&#x447;. &#x43F;&#x440;&#x438;&#x43C;.</subfield>
  </datafield>
  <datafield tag="320" ind1=" " ind2=" ">
    <subfield code="a">&#x423;&#x43A;&#x430;&#x437;. &#x441;&#x43E;&#x434;&#x435;&#x440;&#x436;. &#x432;&#x441;&#x435;&#x445; &#x432;&#x44B;&#x43F;. &#x430;&#x43B;&#x44C;&#x43C;&#x430;&#x43D;&#x430;&#x445;&#x430; "&#x420;&#x430;&#x437;&#x43C;&#x44B;&#x448;&#x43B;&#x435;&#x43D;&#x438;&#x44F; &#x43E; ...": &#x441;. 124-126</subfield>
  </datafield>
  <datafield tag="461" ind1=" " ind2="0">
    <subfield code="1">001RU\NLR\bibl\45531</subfield>
    <subfield code="1">2001#$a&#x420;&#x430;&#x437;&#x43C;&#x44B;&#x448;&#x43B;&#x435;&#x43D;&#x438;&#x44F; &#x43E;...$v&#x412;&#x44B;&#x43F;. 9</subfield>
    <subfield code="9">234412</subfield>
    <subfield code="c">&#x41C;.</subfield>
    <subfield code="d">1999</subfield>
    <subfield code="f">&#x411;&#x43E;&#x440;&#x447;&#x438;&#x43A;&#x43E;&#x432; &#x421;.&#x410;., &#x417;&#x430;&#x445;&#x430;&#x440;&#x43E;&#x432;&#x430; &#x422;.&#x413;., &#x41A;&#x443;&#x442;&#x435;&#x440;&#x433;&#x438;&#x43D;&#x430; &#x418;.&#x413;. &#x438; &#x434;&#x440;.</subfield>
    <subfield code="n">&#x414;&#x438;&#x430;&#x43B;&#x43E;&#x433;-&#x41C;&#x413;&#x423;</subfield>
    <subfield code="o">(&#x424;&#x438;&#x43B;&#x43E;&#x441;. &#x430;&#x43B;&#x44C;&#x43C;.)</subfield>
    <subfield code="t">&#x420;&#x430;&#x437;&#x43C;&#x44B;&#x448;&#x43B;&#x435;&#x43D;&#x438;&#x44F; &#x43E;...</subfield>
    <subfield code="v">&#x412;&#x44B;&#x43F;. 9</subfield>
  </datafield>
  <datafield tag="606" ind1="1" ind2=" ">
    <subfield code="a">&#x41C;&#x435;&#x442;&#x430;&#x444;&#x438;&#x437;&#x438;&#x43A;&#x430;</subfield>
    <subfield code="j">&#x421;&#x431;&#x43E;&#x440;&#x43D;&#x438;&#x43A;&#x438;</subfield>
    <subfield code="9">1581887</subfield>
    <subfield code="3">RU\NLR\auth\66694330</subfield>
  </datafield>
  <datafield tag="686" ind1=" " ind2=" ">
    <subfield code="a">&#x42E;0&#x44F;43</subfield>
    <subfield code="2">rubbk</subfield>
  </datafield>
  <datafield tag="686" ind1=" " ind2=" ">
    <subfield code="a">&#x42E;21&#x44F;43</subfield>
  </datafield>
  <datafield tag="801" ind1=" " ind2="0">
    <subfield code="a">RU</subfield>
    <subfield code="b">&#x420;&#x41A;&#x41F;</subfield>
    <subfield code="c">20061115</subfield>
    <subfield code="g">rpk</subfield>
  </datafield>
  <datafield tag="801" ind1=" " ind2="1">
    <subfield code="a">RU</subfield>
    <subfield code="b">&#x420;&#x413;&#x411;</subfield>
    <subfield code="c">20061115</subfield>
  </datafield>
  <datafield tag="801" ind1=" " ind2="2">
    <subfield code="a">RU</subfield>
    <subfield code="b">NLR</subfield>
    <subfield code="c">20061220</subfield>
    <subfield code="g">rcr</subfield>
  </datafield>
  <datafield tag="942" ind1=" " ind2=" ">
    <subfield code="c">BOOK</subfield>
  </datafield>
  <datafield tag="980" ind1=" " ind2=" ">
    <subfield code="a">NB</subfield>
  </datafield>
  <datafield tag="995" ind1=" " ind2=" ">
    <subfield code="5">2006-12-20</subfield>
    <subfield code="a">ad</subfield>
    <subfield code="b">NLR01</subfield>
    <subfield code="c">NLR01</subfield>
    <subfield code="e">RF8</subfield>
    <subfield code="f">2330112</subfield>
    <subfield code="k">99-4/5281</subfield>
    <subfield code="o">0</subfield>
    <subfield code="r">BOOK</subfield>
    <subfield code="s">9945281_</subfield>
  </datafield>
  <datafield tag="995" ind1=" " ind2=" ">
    <subfield code="5">2006-12-20</subfield>
    <subfield code="a">ad</subfield>
    <subfield code="b">NLR01</subfield>
    <subfield code="c">NLR01</subfield>
    <subfield code="e">RF8</subfield>
    <subfield code="f">2330113</subfield>
    <subfield code="k">99-4/5281</subfield>
    <subfield code="o">0</subfield>
    <subfield code="r">BOOK</subfield>
    <subfield code="s">9945281_</subfield>
  </datafield>
</record>
